书目信息 |
| 题名: |
先验唯心论体系
|
|
| 作者: | 谢林 ;梁志学 石泉 | |
| 分册: | ||
| 出版信息: | 北京 商务印书馆 1976 |
|
| 页数: | 283 | |
| 开本: | 20cm | |
| 丛书名: | 汉译世界学术名著丛书 | |
| 单 册: | ||
| 中图分类: | B0 | |
| 科图分类: | ||
| 主题词: | 哲学理论 | |
| 电子资源: | ||
| ISBN: | ||
| 000 | 00612nam0 2200205 450 | |
| 001 | 0734081268 | |
| 005 | 20071007092801.28 | |
| 100 | @a20071007d km y0chiy0120 ea | |
| 101 | 0 | @achi |
| 200 | 1 | @a先验唯心论体系@Axian yan wei xin lun ti xi@f谢林@Fxie lin@g梁志学 石泉@Gliang zhi xue shi quan |
| 210 | @a北京@c商务印书馆@d1976 | |
| 215 | @a283@d20cm@eB0 | |
| 225 | 2 | @a汉译世界学术名著丛书 |
| 410 | 0 | @12001 @a汉译世界学术名著丛书 |
| 606 | 0 | @a哲学理论 |
| 690 | @aB0@v3 | |
| 701 | 0 | @a谢林@Axie lin |
| 702 | 0 | @a梁志学 石泉@Aliang zhi xue shi quan |
| 801 | 0 | @aCN@bPFT@c20071007 |
| 905 | @a213230@dB0@ea322@f1 | |
| 先验唯心论体系/谢林/梁志学 石泉.-北京:商务印书馆,1976 |
| 283;20cm+B0.-(汉译世界学术名著丛书) |
| ISBN : |
| ● |
| 相关链接 |
|
|
|
|
正题名:先验唯心论体系
索取号:B0/a322
 
预约/预借
| 序号 | 登录号 | 条形码 | 馆藏地/架位号 | 状态 | 备注 |
| 1 | 7505864 | 275058642 | 史法系资料室/ [索取号:B0/a322] | 在馆 |